Представление документа в формате RUSMARC

ПолеНазваниеЗначение
  Тип записи a
  Библиографический уровень c
001 Контрольный номер RU/SLIB/B/208771715
005 Дата корректировки 20201206204305.1
010 Индекс ISBN __
d Цена 0-47
101 Язык документа 0_
a Язык текста rus
200 Заглавие и сведения об ответственности 1_
a Заглавие Русский характер
b Общее обозначение материала Текст
210 Выходные данные __
a Место издания Тула
c Издательство Приок. кн. изд-во
d Дата издания 1977
215 Физическое описание __
a Объем 232 с.
327 Примечание о содержании __
a Примечание о содержании Василий Теркин / А. Т. Твардовский
606 Тематические рубрики __
a Основная рубрика Художественная литература
z Хронологическая подрубрика 20 в. нач.
y Географическая подрубрика Россия
606 Тематические рубрики __
a Основная рубрика Русская литература XX в. (произведения)
610 Ключевые слова __
a Ключевые слова проза; прозаики; писатели; рассказы; романы; повести
686 Индексы других классификаций __
a Классификационный индекс 84(2Рос=Рус)6-4
701 Альтернативная интеллектуальная ответственность _1
a Фамилия Твардовский
b Имя А. Т.
4 Код отношения 070
701 Альтернативная интеллектуальная ответственность _1
a Фамилия Соболев
b Имя Л.
4 Код отношения 070
701 Альтернативная интеллектуальная ответственность _1
a Фамилия Толстой
b Имя А. Н.
4 Код отношения 070
701 Альтернативная интеллектуальная ответственность _1
a Фамилия Шолохов
b Имя М. А.
4 Код отношения 070
801 Источник записи _0
a Страна RU
b Организация Муниципальное бюджетное учреждение культуры "Централизованная библиотечная система" г. Сургут (Центральная городская библиотека им. А. С. Пушкина)
g Правила каталогизации КиК/Елгина
801 Источник записи _1
a Страна RU
b Организация Муниципальное бюджетное учреждение культуры "Централизованная библиотечная система" г. Сургут (Центральная городская библиотека им. А. С. Пушкина)
g Правила каталогизации КиК/Елгина
852 Данные о местонахождении __
j Шифр хранения 84(2Рос=Рус)6-4
i Авторский знак Р 89
p Инвентарный номер 119378(с)
901 Тип документа __
t Тип документа x
969 Тип издания __
a Тип издания сборник
990 Данные о заказе (DOS) __
j Количество экземпляров (DOS) 1
t N записи в КСУ для И/У (DOS) ретро